000 00659nam a2200253Ia 4500
003 OSt
005 20221007100622.0
006 a|||||r|||| 00| 0
007 ta
008 221006b |||||||| |||| 00| 0 eng d
024 _a4,760
037 _cTextual
040 _aLCO
_cLCO
_beng
041 _2eng
_aeng
082 _aX724:(Z), M3
100 _aBhattacharya Sukumar
245 0 _aIndian Income Tax Law and Practice
250 _a15th
260 _aNagpur
_bWadhwa Sales Corporation India
_c1983
300 _a957
650 _aINCOME TAX
942 _hX724:(Z), M3
_cTEXL
999 _c1174323
_d1174323